000 00422nam a2200169Ia 4500
001 7730
003 IN-NITTTR
005 20251114233031.0
008 251113s9999||||xx |||||||||||||| ||eng||
040 _beng
040 _cIN-NITTTR
041 _aeng
082 _a910.031 G41H
100 _aGill, Manohar Singh
245 0 _aHimalayan wonderland :
_b travels in Lahaul-spiti. /
_cGill, Manohar Singh
942 _2ddc
_cBK
999 _c10368
_d10368